000 00687nai a2200217Ia 4500
003 IN-BaIIA
008 211028c9999 xx s 000 0 eng d
022 _a00368075 (Print)
022 _a10959203 (Online)
040 _cIIA Library
245 0 _aScience
_h[eJournal]
260 _aWashington, USA
_bAmerican Association for the Advancement of Science
310 _aWeekly
362 _a1(1); 1880 - 346(6216); 2015
521 _bSubscribed through IIA Library
650 _a General Science
_95049
650 _a Science & Mathematics
_932028
650 _aBiological Sciences
856 _uhttps://www.jstor.org/journal/science
_yClick Here to Access eJournal
942 _cEJ
999 _c35675
_d35675